Arctic Monkeys - Do I Wanna Know Lyrics - Statistics

General Stats
  • This quiz has been taken 4,025 times
    2,646 since last reset
  • The average score is 259 of 375
Answer Stats
Lyrics % Correct
i
100%
do
98%
you
98%
when
95%
know
94%
go
93%
in
93%
feel
92%
wanna
92%
a
91%
to
91%
feeling
87%
if
87%
that
87%
the
87%
your
85%
both
84%
so
84%
this
84%
ways
81%
we
81%
have
78%
can
77%
got
77%
see
77%
back
76%
ever
76%
crawling
75%
some
73%
night
72%
can't
70%
flows
70%
of
70%
me
69%
be
68%
for
68%
it
68%
stay
68%
color
67%
sad
67%
fall
66%
hoping
66%
say
66%
cheeks?
65%
day
65%
on
65%
and
64%
i'm
63%
you'd
63%
tomorrow
62%
'cause
61%
no
60%
things
60%
was
60%
made
59%
baby
58%
too
58%
as
57%
get
57%
had
57%
thought
57%
always
55%
were
55%
like
54%
nights
54%
busy
53%
calling
53%
few
53%
saying
53%
sorta
53%
up
52%
i've
51%
teeth?
51%
think
51%
being
50%
you've
50%
how
49%
new
49%
somebody
49%
mainly
48%
maybe
48%
my
48%
you're
48%
every
47%
repeat
47%
play
46%
sleeve?
46%
summat
46%
there
46%
week
46%
about
45%
around
45%
yours
45%
keep?
44%
many
44%
secrets
44%
shift
44%
asleep
43%
makes
43%
dreamt
42%
idea
42%
somehow
42%
sticks
42%
tune
42%
drinks
40%
nearly
40%
until
40%
aces
39%
are
39%
deep?
39%
found
39%
spilling
39%
want
39%
there's
38%
through
38%
time
38%
now
37%
same
34%
what
34%
it's
32%
guts?
31%
kiss
31%
settee
31%
don't
30%
could
29%
down
29%
open
29%
been
28%
but
28%
just
28%
sorry
28%
still
28%
wondering
28%
interrupt
27%
together
27%
constantly
26%
shuts
26%
trying
26%
fear
25%
heart's
25%
simmer
24%
type
24%
pucker
23%
wanted
23%
cusp
20%
darling
14%
No matching quizzes found
Score Distribution
Percent of People with Each Score
Percentile by Number Answered
Your Score History
You have not taken this quiz since the last reset